00568 2200217 4500001002100000005001500021035002000036007000300056008004100059020002200100082000800122084001400130100002200144245007500166250001000241260003800251300002300289650001400312990001300326990001100339INLIS00000000000775920260525095306 a0010-0526000010ta260525 | | ind  a978-602-7768-81-9 a659 a659 KUS p0 aKustadi Suhandang1 aPeriklanan: Manajemen, Kiat dan Strategi (Revisi) /cKustadi Suhandang aCet 3 aBandung :bNuansa Cendekia,c2021 a188 hlm ;c23,5 cm 4aMarketing a333.2/23 a333/23